<?xml version="1.0" encoding="UTF-8"?>
<record
    xmlns:xsi="http://www.w3.org/2001/XMLSchema-instance"
    xsi:schemaLocation="http://www.loc.gov/MARC21/slim http://www.loc.gov/standards/marcxml/schema/MARC21slim.xsd"
    xmlns="http://www.loc.gov/MARC21/slim">

  <leader>00751nam a22001577a 4500</leader>
  <controlfield tag="003">OSt</controlfield>
  <controlfield tag="005">20151214091050.0</controlfield>
  <controlfield tag="008">151214b        xxu||||| |||| 00| 0 eng d</controlfield>
  <datafield tag="040" ind1=" " ind2=" ">
    <subfield code="c">RUA </subfield>
  </datafield>
  <datafield tag="082" ind1=" " ind2=" ">
    <subfield code="a">ATM TE 2005 B220 Or.1</subfield>
  </datafield>
  <datafield tag="100" ind1=" " ind2=" ">
    <subfield code="9">4787</subfield>
    <subfield code="a">TE KHUNNATH; &#x178F;&#x17C2;&#x200B; &#x1783;&#x17BB;&#x1793;&#x178E;&#x17B6;&#x178F;.</subfield>
  </datafield>
  <datafield tag="245" ind1=" " ind2=" ">
    <subfield code="a">The study on socio-economic situation of households for pass in prey kabass district, takeo province, &#x1780;&#x17B6;&#x179A;&#x179F;&#x17B7;&#x1780;&#x17D2;&#x179F;&#x17B6;&#x1796;&#x17B8;&#x179F;&#x17D2;&#x1790;&#x17B6;&#x1793;&#x1797;&#x17B6;&#x1796;&#x179F;&#x17C1;&#x178A;&#x17D2;&#x178B;&#x1780;&#x17B7;&#x1785;&#x17D2;&#x1785;&#x179F;&#x1784;&#x17D2;&#x1782;&#x1798;&#x1782;&#x17D2;&#x179A;&#x17BD;&#x179F;&#x17B6;&#x179A;&#x1780;&#x179F;&#x17B7;&#x1780;&#x179A;&#x179A;&#x1794;&#x179F;&#x17CB;&#x1782;&#x17C6;&#x179A;&#x17C4;&#x1784; PASS &#x1793;&#x17C5;&#x179F;&#x17D2;&#x179A;&#x17BB;&#x1780;&#x1796;&#x17D2;&#x179A;&#x17C3;&#x1780;&#x1794;&#x17D2;&#x1794;&#x17B6;&#x179F; &#x1781;&#x17C1;&#x178F;&#x17D2;&#x178F;&#x178F;&#x17B6;&#x1780;&#x17C2;&#x179C; </subfield>
  </datafield>
  <datafield tag="260" ind1=" " ind2=" ">
    <subfield code="a">Phnom Penh </subfield>
    <subfield code="b">RUA </subfield>
    <subfield code="c">2005</subfield>
  </datafield>
  <datafield tag="300" ind1=" " ind2=" ">
    <subfield code="a">ix; 47p.</subfield>
    <subfield code="b">ill.</subfield>
    <subfield code="c">29cm.</subfield>
  </datafield>
  <datafield tag="942" ind1=" " ind2=" ">
    <subfield code="2">ddc</subfield>
    <subfield code="c">ATM</subfield>
  </datafield>
  <datafield tag="999" ind1=" " ind2=" ">
    <subfield code="c">4462</subfield>
    <subfield code="d">4462</subfield>
  </datafield>
  <datafield tag="952" ind1=" " ind2=" ">
    <subfield code="0">0</subfield>
    <subfield code="1">0</subfield>
    <subfield code="2">ddc</subfield>
    <subfield code="4">0</subfield>
    <subfield code="6">AED_TE_2005_000000000000000_B220_OR_1</subfield>
    <subfield code="7">0</subfield>
    <subfield code="9">23172</subfield>
    <subfield code="a">LBB</subfield>
    <subfield code="b">LBB</subfield>
    <subfield code="c">B220</subfield>
    <subfield code="d">2015-12-14</subfield>
    <subfield code="o">AED TE 2005 B220 Or.1</subfield>
    <subfield code="p">RUA030238</subfield>
    <subfield code="r">2015-12-14</subfield>
    <subfield code="w">2015-12-14</subfield>
    <subfield code="y">ATM</subfield>
  </datafield>
  <datafield tag="952" ind1=" " ind2=" ">
    <subfield code="0">0</subfield>
    <subfield code="1">0</subfield>
    <subfield code="2">ddc</subfield>
    <subfield code="4">0</subfield>
    <subfield code="6">AED_TE_2005_000000000000000_B220_OR_2</subfield>
    <subfield code="7">0</subfield>
    <subfield code="9">23173</subfield>
    <subfield code="a">LBB</subfield>
    <subfield code="b">LBB</subfield>
    <subfield code="c">B220</subfield>
    <subfield code="d">2015-12-14</subfield>
    <subfield code="l">2</subfield>
    <subfield code="o">AED TE 2005 B220 Or.2</subfield>
    <subfield code="p">RUA030240</subfield>
    <subfield code="r">2016-07-20</subfield>
    <subfield code="s">2016-07-06</subfield>
    <subfield code="w">2015-12-14</subfield>
    <subfield code="y">ATM</subfield>
  </datafield>
  <datafield tag="952" ind1=" " ind2=" ">
    <subfield code="0">0</subfield>
    <subfield code="1">0</subfield>
    <subfield code="2">ddc</subfield>
    <subfield code="4">0</subfield>
    <subfield code="6">AED_TE_2005_000000000000000_B220_OR_3</subfield>
    <subfield code="7">0</subfield>
    <subfield code="9">23174</subfield>
    <subfield code="a">LBB</subfield>
    <subfield code="b">LBB</subfield>
    <subfield code="c">B220</subfield>
    <subfield code="d">2015-12-14</subfield>
    <subfield code="o">AED TE 2005 B220 Or.3</subfield>
    <subfield code="p">RUA030102</subfield>
    <subfield code="r">2015-12-14</subfield>
    <subfield code="w">2015-12-14</subfield>
    <subfield code="y">ATM</subfield>
  </datafield>
  <datafield tag="952" ind1=" " ind2=" ">
    <subfield code="0">0</subfield>
    <subfield code="1">0</subfield>
    <subfield code="2">ddc</subfield>
    <subfield code="4">0</subfield>
    <subfield code="6">AED_TE_2005_000000000000000_B220_OR_4</subfield>
    <subfield code="7">0</subfield>
    <subfield code="9">23175</subfield>
    <subfield code="a">LBB</subfield>
    <subfield code="b">LBB</subfield>
    <subfield code="c">B220</subfield>
    <subfield code="d">2015-12-14</subfield>
    <subfield code="o">AED TE 2005 B220 Or.4</subfield>
    <subfield code="p">RUA030239</subfield>
    <subfield code="r">2015-12-14</subfield>
    <subfield code="w">2015-12-14</subfield>
    <subfield code="y">ATM</subfield>
  </datafield>
  <datafield tag="952" ind1=" " ind2=" ">
    <subfield code="0">0</subfield>
    <subfield code="1">0</subfield>
    <subfield code="2">ddc</subfield>
    <subfield code="4">0</subfield>
    <subfield code="6">ATM_TE_2005_000000000000000_B220_OR_5</subfield>
    <subfield code="7">0</subfield>
    <subfield code="9">27675</subfield>
    <subfield code="a">LBB</subfield>
    <subfield code="b">LBB</subfield>
    <subfield code="d">2015-12-25</subfield>
    <subfield code="o">ATM TE 2005 B220 Or.5</subfield>
    <subfield code="p">RUA038016</subfield>
    <subfield code="r">2015-12-25</subfield>
    <subfield code="w">2015-12-25</subfield>
    <subfield code="y">ATM</subfield>
  </datafield>
</record>
